000 00321nam a22001457a 4500
008 230612b ||||| |||| 00| 0 eng d
020 _a9780205256051
041 _aeng
080 _213 EDITION
_a616
082 _a616BEE
100 _a14
101 _aPEDI
245 _aTHE DEVELOPING CHILD
_cBEE.H
942 _2udc
_cBK
999 _c59937
_d59937